| 000 | 00883nam a22002297a 4500 | ||
|---|---|---|---|
| 999 |
_c11476 _d11476 |
||
| 003 | AR-CdUCM | ||
| 008 | 190404b ||||| |||| 00| 0 spa d | ||
| 040 |
_aMUNICIPALIDAD PROVINCIAL DEL CUSCO _cBIBLIOTECA MUNICIPAL DEL CUSCO |
||
| 082 |
_a509.02 / _bR456 / 1951 _23ed. |
||
| 100 |
_aRey Pastor, Julio _928857 |
||
| 245 | _aLa ciencia y la técnica en el descubrimiento de América / | ||
| 260 |
_aBuenos Aires : _bEspasa-Calpe Argentina, _c1951. |
||
| 300 |
_a170 páginas ; _bIlustraciones, _c18 cm. |
||
| 440 |
_aColección Austral _9172 |
||
| 505 | _aContenido: Influencia del descubrimiento de América en las ideas científicas -- Las ciencias físicomatemática -- Las ciencias naturales ... | ||
| 650 |
_aCartografía _93722 |
||
| 650 |
_aHistoria _9136 |
||
| 650 |
_aAmerica _91348 |
||
| 650 |
_aDescubrimiento y conquista _92362 |
||
| 942 |
_2ddc _cLIBROS |
||
| 945 | _acmm | ||